Pozvánka do Michaloviec matičný svetový festival slovenskej mládeže sa začína : MSFSM 4.-10.7. 2001

Bibliographic Details
Main Author: Chilová, Kamila (upr)
Format: Article
Language:Slovak
PhysicalDescription:Fotogr.
ISSN:0862-8823
Subjects:

MARC

LEADER 00000nab a2200000 a 4500
001 vtls000762794
003 SK-MaSNL
005 20260302153919.0
008 180206c xo 0 slo
015 |a SNBRB2001/07-21380 
035 |a CLN000114581 
040 |a SNKBUCL  |b slo  |c SNKBUCL  |e AACR2 
041 0 |a slo 
044 |a xo  |c SK 
080 |a 061.25(437.6):394:323.113(100=854)  |2 UDC-MRF-SK2 
080 |a 323.113(=854)(100):061.7  |2 UDC-MRF-SK2 
100 1 |a Chilová, Kamila  |4 upr  |9 5007 
245 1 0 |a Pozvánka do Michaloviec  |b matičný svetový festival slovenskej mládeže sa začína : MSFSM 4.-10.7. 2001  |c pripravila Kamila Chilová 
300 |b Fotogr. 
611 2 7 |a Matičný svetový festival slovenskej mládeže  |d (2001 :  |c Michalovce, Slovensko)  |2 snkbucl  |9 36594 
655 7 |a články z novín a časopisov  |2 snkbucl  |9 267496 
773 0 |x 0862-8823  |t Slovenské národné noviny  |g Roč. 12 (16), č. 13 (2001), s. 6-7 
850 |a Slovenská národná knižnica v Martine 
852 |a SNK  |b KIS3GCP 
958 |a RBX 
999 |c 1366913  |d 1368843